| 000 | 004610000a22001810004500 | ||
|---|---|---|---|
| 003 | MACL | ||
| 005 | 20151206130356.0 | ||
| 008 | 151206b xxu||||| |||| 00| 0 eng d | ||
| 040 |
_aMACL _cMACL |
||
| 041 | _aEnglish | ||
| 082 | _a741.642 | ||
| 100 |
_aRamachandran _919525 |
||
| 245 | _aThe Monkey And The Mango Tree And Other Stories | ||
| 260 |
_bThomson, Press _c1977 |
||
| 350 | _a12.50 | ||
| 650 |
_aChildren's Book _919526 |
||
| 942 |
_cBK _k741.642 _2ddc |
||
| 999 |
_c6870 _d6870 |
||